Ảnh hưởng của thụ phấn chéo đến số hột trên trái bưởi da xanh (citrus maxima) ở vùng sinh thái nước lợ tại huyện Mỏ Cày Nam, tỉnh Bến Tre Luận văn thạc sĩ. Chuyên ngành: sinh thái học
Đánh giá khả năng cho hột của bưởi Da xanh khi thụ phấn của những cây cùng họ ở vùng sinh thái nước lợ tại huyện Mỏ Cày Nam, tỉnh Bến Tre
Сохранить в:
| Главный автор: | |
|---|---|
| Формат: | |
| Язык: | Undetermined |
| Опубликовано: |
Cần Thơ
Đại Học Cần Thơ
2013
|
| Предметы: | |
| Метки: |
Добавить метку
Нет меток, Требуется 1-ая метка записи!
|
| Thư viện lưu trữ: | Trung tâm Học liệu Trường Đại học Cần Thơ |
|---|
| LEADER | 01096nam a2200205Ia 4500 | ||
|---|---|---|---|
| 001 | CTU_184396 | ||
| 008 | 210402s9999 xx 000 0 und d | ||
| 082 | |a 634.32 | ||
| 082 | |b Qu527 | ||
| 100 | |a Từ, Văn Quyền | ||
| 245 | 0 | |a Ảnh hưởng của thụ phấn chéo đến số hột trên trái bưởi da xanh (citrus maxima) ở vùng sinh thái nước lợ tại huyện Mỏ Cày Nam, tỉnh Bến Tre | |
| 245 | 0 | |b Luận văn thạc sĩ. Chuyên ngành: sinh thái học | |
| 245 | 0 | |c Từ Văn Quyền ; Nguyễn Bảo Vệ hướng dẫn | |
| 260 | |a Cần Thơ | ||
| 260 | |b Đại Học Cần Thơ | ||
| 260 | |c 2013 | ||
| 520 | |a Đánh giá khả năng cho hột của bưởi Da xanh khi thụ phấn của những cây cùng họ ở vùng sinh thái nước lợ tại huyện Mỏ Cày Nam, tỉnh Bến Tre | ||
| 650 | |a Trồng bưởi da xanh,Grapefruit,Citrus maxima | ||
| 904 | |i Kim Thị Ngọc Yến | ||
| 980 | |a Trung tâm Học liệu Trường Đại học Cần Thơ | ||